| 000 | 00383nam a22001577a 4500 | ||
|---|---|---|---|
| 005 | 20160905114143.0 | ||
| 008 | 160905b xxu||||| |||| 00| 0 eng d | ||
| 020 | _a978-0-07-049-543-2 | ||
| 041 | _aeng | ||
| 100 |
_aSCHILCHT,HERBERT _93488 |
||
| 245 | _aCOMPLETE REFERENCE JAVA 2 | ||
| 260 | _bMCGRAW HILL | ||
| 300 | _a1140 | ||
| 650 |
_aINFORMATION TECHNOLOGY _9137 |
||
| 942 | _cBK | ||
| 999 |
_c5192 _d5190 |
||